[Event "Izmir op"]
[Site "Izmir"]
[Date "2003.09.03"]
[Round "9"]
[White "Dogantug, Ahmet Ismail"]
[Black "Bagaturov, Giorgi"]
[Result "0-1"]
[WhiteElo "2148"]
[BlackElo "2462"]
[PlyCount "84"]
[EventDate "2003.08.25"]
[EventType "swiss"]
[EventRounds "9"]
[EventCountry "TUR"]
[SourceTitle "EXT 2004"]
[Source "ChessBase"]
[SourceDate "2003.11.25"]
[SourceVersion "1"]
[SourceVersionDate "2003.11.25"]
[SourceQuality "1"]

1. e4 d6 2. d4 Nf6 3. Nc3 g6 4. Bg5 Bg7 5. Qd2 c6 6. Bh6 Bxh6 7. Qxh6 Qa5 8. Bd3 b5 9. Nf3 b4 10. Ne2 b3+ 11. Nc3 bxc2 12. Bxc2 Qh5 13. Qxh5 Nxh5 14. 0-0 0-0 15. Rfe1 Na6 16. Ba4 Bb7 17. d5 Rfc8 18. dxc6 Bxc6 19. Bxc6 Rxc6 20. Nd5 Kf8 21. Rac1 Rac8 22. Rxc6 Rxc6 23. Nd4 Rc5 24. g4 Ng7 25. Nb3 Rc2 26. Rc1 Rxb2 27. Rc8+ Ne8 28. Ra8 Rxa2 29. Nd4 Ra1+ 30. Kg2 Rc1 31. Nb5 Rc5 32. Nxa7 Nac7 33. Nxc7 Rxc7 34. Nb5 Rb7 35. Nc3 e6 36. Ne2 Ke7 37. Ng3 Nf6 38. g5 Nd7 39. h4 Rb3 40. h5 d5 41. exd5 exd5 42. Ra5 Kd6 0-1

[Event "Izmir op"]
[Site "Izmir"]
[Date "2003.09.02"]
[Round "8"]
[White "Erturan, Yakup"]
[Black "Dogantug, Ahmet Ismail"]
[Result "0-1"]
[WhiteElo "2269"]
[BlackElo "2148"]
[PlyCount "100"]
[EventDate "2003.08.25"]
[EventType "swiss"]
[EventRounds "9"]
[EventCountry "TUR"]
[SourceTitle "EXT 2004"]
[Source "ChessBase"]
[SourceDate "2003.11.25"]
[SourceVersion "1"]
[SourceVersionDate "2003.11.25"]
[SourceQuality "1"]

1. d4 Nf6 2. Nc3 d5 3. Bg5 h6 4. Bxf6 exf6 5. e3 c6 6. Bd3 Qb6 7. Nge2 Qxb2 8. 0-0 Bb4 9. Rb1 Qa3 10. e4 Bxc3 11. Rb3 Qa5 12. Nxc3 dxe4 13. Nxe4 0-0 14. Qf3 Qd8 15. c3 b6 16. Ng3 Be6 17. Rb2 Qd6 18. Re1 Nd7 19. Rbe2 Rfd8 20. Ne4 Qd5 21. Qg3 f5 22. Nd6 Nf6 23. Nc4 Ne4 24. Bxe4 Qxc4 25. Bc2 f4 26. Qf3 Bd5 27. Be4 Bxe4 28. Rxe4 Qxa2 29. Qxf4 a5 30. Qc7 Qc4 31. h3 Qxc3 32. R1e3 Qc1+ 33. Kh2 a4 34. Rg3 Rd5 35. h4 Qc2 36. Rf4 Rf8 37. Rgf3 Qg6 38. Qxb6 Qd6 39. g3 a3 40. Qa7 f5 41. Rxa3 g5 42. hxg5 hxg5 43. Rff3 Rxd4 44. Rab3 g4 45. Qxd4 Qxd4 46. Rxf5 Qd1 47. Rb7 Rf6 48. Rb8+ Kg7 49. Rb7+ Kg6 50. Rc7 Qd4 0-1

[Event "Izmir op"]
[Site "Izmir"]
[Date "2003.09.01"]
[Round "7"]
[White "Dogantug, Ahmet Ismail"]
[Black "Anil, Bahulayan"]
[Result "1-0"]
[WhiteElo "2148"]
[BlackElo "2042"]
[PlyCount "41"]
[EventDate "2003.08.25"]
[EventType "swiss"]
[EventRounds "9"]
[EventCountry "TUR"]
[SourceTitle "EXT 2004"]
[Source "ChessBase"]
[SourceDate "2003.11.25"]
[SourceVersion "1"]
[SourceVersionDate "2003.11.25"]
[SourceQuality "1"]

1. e4 c5 2. c3 d5 3. exd5 Qxd5 4. d4 Nc6 5. Nf3 cxd4 6. cxd4 Bg4 7. Be2 e6 8. h3 Bh5 9. Nc3 Qa5 10. 0-0 Nf6 11. g4 Bg6 12. Qb3 Qc7 13. Bf4 Qxf4 14. Qxb7 Bd6 15. Qxa8+ Ke7 16. Qxc6 Nxg4 17. Nb5 Bb8 18. Qc1 Qe4 19. Nc3 Qb7 20. hxg4 h5 21. Qg5+ 1-0

[Event "Izmir op"]
[Site "Izmir"]
[Date "2003.08.26"]
[Round "2"]
[White "Dogantug, Ahmet Ismail"]
[Black "Shanava, Konstantine"]
[Result "0-1"]
[WhiteElo "2148"]
[BlackElo "2415"]
[PlyCount "96"]
[EventDate "2003.08.25"]
[EventType "swiss"]
[EventRounds "9"]
[EventCountry "TUR"]
[SourceTitle "EXT 2004"]
[Source "ChessBase"]
[SourceDate "2003.11.25"]
[SourceVersion "1"]
[SourceVersionDate "2003.11.25"]
[SourceQuality "1"]

1. e4 c5 2. c3 Nf6 3. e5 Nd5 4. d4 cxd4 5. Nf3 Nc6 6. Bc4 Nb6 7. Bb3 g6 8. cxd4 d5 9. exd6 Qxd6 10. 0-0 Bg7 11. d5 Na5 12. Ba4+ Bd7 13. Bxd7+ Qxd7 14. Nc3 0-0 15. Bg5 Bxc3 16. bxc3 f6 17. Bh6 Rfe8 18. Rb1 Nxd5 19. Qd3 Nb6 20. Qe4 Rad8 21. h4 Qd5 22. Qg4 Nc6 23. Be3 Nc4 24. Rxb7 Nd4 25. Qxd4 Nxe3 26. Qxd5+ Nxd5 27. c4 Nb6 28. c5 Rd7 29. Rxd7 Nxd7 30. c6 Nb8 31. Nd4 e5 32. Re1 Rc8 33. Nb5 Nxc6 34. Rc1 Ne7 35. Rd1 a6 36. Rd7 axb5 37. Rxe7 Rc1+ 38. Kh2 Rc2 39. Rb7 Rxf2 40. Rxb5 Rxa2 41. Rb7 h5 42. Kg3 Ra4 43. Kh3 Rd4 44. g3 Rd2 45. Rc7 Kf8 46. Rb7 e4 47. Rb4 f5 48. Rb7 Rf2 0-1